LEADER 01093nam0 2200325 450 001 000024021 005 20090306100951.0 010 $a0444896473 100 $a20090306d1997----km-y0itay50------ba 101 0 $aeng 102 $aNL 105 $ay-------001yy 200 1 $aHandbook of population and family economics$fedited by Mark R. Rosenzweig and Oded Stark 210 $aAmsterdam$cNorth-Holland Elsevier$d1997 215 $a2 v. (XVIII, 45, 1343 p. compless.)$d25 cm 225 2 $aHandbooks in economics$v14 327 1 $a1 A$a1 B 410 0$12001$aHandbooks in economics 500 10$aHandbook of population and family economics$959802 610 1 $aEconomia e demografia 610 1 $aPopolazione$aMovimento$aFattori economici 676 $a306.85$v20 702 1$aRosenzweig,$bMark R.$f<1947- > 702 1$aStark,$bOded 801 0$aIT$bUNIPARTHENOPE$c20090305$gRICA$2UNIMARC 912 $a000024021 951 $aCollana$b9071$cNAVA2$d2009 951 $aCollana$b9072$cNAVA2$d2009 996 $aHandbook of population and family economics$959802 997 $aUNIPARTHENOPE LEADER 01169nam a2200337 i 4500 001 991000701919707536 005 20020507172451.0 008 950927s1993 us ||| | eng 020 $a0821800051 035 $ab10745245-39ule_inst 035 $aLE01300945$9ExL 040 $aDip.to Matematica$beng 082 0 $a510 084 $aAMS 11-XX 084 $aAMS 12-XX 084 $aAMS 14-XX 084 $aAMS 16-XX 084 $aAMS 17-XX 084 $aQA3.A3582 100 1 $aBlock, Richard E.$0534719 245 10$aAssociative algebras and Riemann matrices /$c[edited by] Richard E. Block ... [et al.] 260 $aProvidence, R. I. :$bAmerican Mathematical Society,$cc1993 300 $alxxvii, 743 p. ;$c26 cm. 490 0 $aCollected mathematical papers ;$v1 650 4$aAssociative algebras 907 $a.b10745245$b23-02-17$c28-06-02 912 $a991000701919707536 945 $aLE013 01A75 BLO11 Pt.I (1993)$cPt. 1$g1$i2013000043081$lle013$o-$pE0.00$q-$rl$s- $t0$u0$v0$w0$x0$y.i10837322$z28-06-02 996 $aAssociative algebras and Riemann matrices$9910612 997 $aUNISALENTO 998 $ale013$b01-01-95$cm$da $e-$feng$gus $h0$i1